Si cupido supiera de economía : (Registro nro. 4351)
[ vista simple ]
| 000 -LEADER | |
|---|---|
| fixed length control field | 01120nam a2200229Ia 4500 |
| 003 - CONTROL NUMBER IDENTIFIER | |
| control field | OSt |
| 005 - DATE AND TIME OF LATEST TRANSACTION | |
| control field | 20200505112733.0 |
| 008 - FIXED-LENGTH DATA ELEMENTS--GENERAL INFORMATION | |
| fixed length control field | 191128s2014 ck gr 000 0 spa d |
| 020 ## - INTERNATIONAL STANDARD BOOK NUMBER | |
| International Standard Book Number | 9789584241733 |
| 040 ## - CATALOGING SOURCE | |
| Original cataloging agency | CO-JMCR |
| Transcribing agency | CO-JMCR |
| 041 0# - LANGUAGE CODE | |
| Language code of text/sound track or separate title | spa |
| 082 04 - DEWEY DECIMAL CLASSIFICATION NUMBER | |
| Classification number | 306 / |
| Item number | M672m |
| 100 1# - MAIN ENTRY--PERSONAL NAME | |
| Personal name | Miranda, Sandra Liliana, |
| Relator term | autora |
| 9 (RLIN) | 3920 |
| 245 10 - TITLE STATEMENT | |
| Title | Si cupido supiera de economía : |
| Remainder of title | el amor no es cuestión de química, sino de oferta y demanda / |
| Statement of responsibility, etc. | Sandra Liliana Miranda |
| 250 ## - EDITION STATEMENT | |
| Edition statement | Segunda edición |
| 260 ## - PUBLICATION, DISTRIBUTION, ETC. | |
| Place of publication, distribution, etc. | Bogotá : |
| Name of publisher, distributor, etc. | Planeta, |
| Date of publication, distribution, etc. | 2014 |
| 300 ## - PHYSICAL DESCRIPTION | |
| Extent | 194 páginas ; |
| Dimensions | 23 cm. |
| 505 ## - FORMATTED CONTENTS NOTE | |
| Formatted contents note | ¿Qué es la cupidonomía? -- ¿Es el amor un tema de oferta y demana? --Cómo elegir a la mejor pareja -- ¿Su pareja es la "óptima"? -- ¿Cuánto cuesta y cómo se produce el amor? -- ¿En qué mercados podemos comprar el amor? -- El amor es un juego |
| 520 ## - SUMMARY, ETC. | |
| Summary, etc. | ¿Qué tienen en común el amor y la economía? En ambos puede hablarse de mercado, de bienes, de conductas de consumo, de costos y beneficios, de punto de equilibrio, de alianzas estratégicas. |
| 650 14 - SUBJECT ADDED ENTRY--TOPICAL TERM | |
| Topical term or geographic name entry element | Amor Economía |
| 9 (RLIN) | 3921 |
| 942 ## - ADDED ENTRY ELEMENTS (KOHA) | |
| Source of classification or shelving scheme | Dewey Decimal Classification |
| Koha item type | Books |
| Withdrawn status | Lost status | Source of classification or shelving scheme | Materials specified (bound volume or other part) | Damaged status | Not for loan | Home library | Current library | Shelving location | Date acquired | Source of acquisition | Cost, normal purchase price | Total Checkouts | Total Renewals | Full call number | Barcode | Date last seen | Date last checked out | Copy number | Price effective from | Koha item type |
|---|---|---|---|---|---|---|---|---|---|---|---|---|---|---|---|---|---|---|---|---|
| Dewey Decimal Classification | Donación -- 10/12/2018 -- | Biblioteca Pública José María del Castillo y Rada | Biblioteca Pública José María del Castillo y Rada | General Stacks | 11/28/2019 | Donación | 0.00 | 4 | 2 | 306 / M672m | 201809196 | 08/06/2025 | 08/05/2025 | Ej.1 | 11/28/2019 | Books |